01491 2200193 4500001002100000005001500021035002000036008004100056245004700097100002100144250000600165260003100171300001200202084001400214082000800228650001000236520103900246990001201285INLIS00000000000025120240711082914 a0010-0424000227240711 1 ind 1 aBurung - Burung Rantau /cY.B Mangunwijaya aY.B Mangunwijaya a1 aJakarta :bGramedia,c2016 a406 hlm a813 MAN b a813 4aFiksi aBurung-Burung Rantau mengisahkan pertempuran pikiran dan konflik batin dalam keluarga Letnan-Jenderal Wiranto, seorang mantan duta besar, gerilyawan 45, dengan putra-putri dari generasi pasca Kemerdekaan. Anak sulungnya, Anggraini, seorang wanita karier yang kaya raya. Yang kedua, Wibowo, seorang pakar fisika nuklir dan astrofisika di laboratorium CERN di Jenewa. Adiknya, Letkol Candra, seorang instruktur pesawat jet pemburu di Madiun. Yang bungsu, Edi, korban narkoba a yang meninggal di usia remaja namun tak sepi hikmah terutama bagi kakaknya, Marineti. Neti, seorang sarjana Antropologi dan sosiawati yang idealis bekerja di kampung kumuh; gadis badung-binal yang selalu berselisih paham, beranggar pendapat melawan ibunya, Yuniati, perempuan anggun kurang humor yang aktif dalam organisasi perempuan. Berlatar di Jakarta, Yunani, Swiss, India, juga Kepulauan Banda, novel ini sarat dengan ide filosofis atas manusia Indonesia generasi baru. Generasi yang secara mental spiritual sudah merantau melampaui batas-batas nasional. a0732394